| 000 | 00866cam a22003137a 4500 | ||
|---|---|---|---|
| 001 | 17046663 | ||
| 003 | OSt | ||
| 005 | 20140310182858.0 | ||
| 008 | 111116s2010 ph 000 1 tgl | ||
| 010 | _a 2011308497 | ||
| 020 | _a9789710172245 | ||
| 040 |
_aDLC _cDLC _dDLC |
||
| 042 | _alcode | ||
| 050 | 0 | 0 |
_aPL6061.4 _b.L257 2010 |
| 082 |
_2FIL 899.2113 _bL257 2010 |
||
| 100 | 1 |
_aLandicho, Domingo G., _d1939- |
|
| 245 | 1 | 0 |
_aPusod _cLandicho, Domingo G. |
| 260 |
_aQuezon City _bC & E Pub. _cc2010 |
||
| 300 |
_a412 p. _c18 cm. |
||
| 500 | _aNovel. | ||
| 521 | _aCollege students | ||
| 526 | _c1210L to 1700L | ||
| 541 | _j1 | ||
| 546 | _aIn Tagalog. | ||
| 562 | _efor circulation : 1 copy available in the collection | ||
| 906 |
_a7 _bcbc _corigode _d4 _encip _f20 _gy-gencatlg |
||
| 942 |
_2lcc _cBK _kFIL |
||
| 999 |
_c17062 _d17062 |
||